000 00412nmm a2200157Ia 4500
008 251105s9999||||xx |||||||||||||||||und||
041 _aspa
100 _aLogan, Nikki
245 0 _aEn el momento equivocado
264 _a[Madrid, España] :
_bHarlequin,
_c2012
300 _a160 páginas
490 _aJazmín
650 _aRomance
856 _uhttps://public.digitaliapublishing.com/a/50310
942 _cCF
999 _c99631
_d99631